000 02510nam a2200229Ia 4500
003 Ost
005 20260507075732.0
008 260507s9999||||xx |||||||||||||| ||und||
040 _cfsecg
041 _aara
082 _a310
100 _aمحمد سالم، كمال سلطان
_eمؤلف
245 0 _aالاحصاء الاحتمالي /
_c كمال سلطان محمد سالم
260 _aالابراهيمية:
_bالدار الجامعية,
_c2004
300 _a371 صفحة؛
_c24 سم
504 _aبيبليوغرافيا: ص. 370
520 _aيتناول هذا الكتاب المجموعات والاحتمال والتوزيعات الاحتمالية و العينات وتوزيعات المعاينه والتقدير وقد قسم الى مايلي الباب الأول : المجموعات والاحتمال : المجموعات وتحت المجموعات : عمليات المجموعات : طرق العد : الاحتمالات-الباب الثاني : التوزيعات الاحتمالية : تمهيد : التوزيعات الاحتمالية المنقطعة : التوزيعات الاحتمالية المتصلة-الباب الثالث : العينات وتوزيعات المعاينة والتقدير : الهينات : توزيعات المعاينة : التقدير-الباب الرابع : اختبارات الفروض : الاطار العام لاختبارات الفروض : اختبارات الفروض في حالة العينات الكبيرة : اختبارات الفروض في حالة العينات الصغيرة : اختبارات الفروض في العينات التابعة : حدود الثقة للمتوسطات والنسب والتباين-الباب الخامس : تحليل السلاسل الزمنية : تقدير الاتجاه العام : التغيرات الموسمية : البيانات المعدلة موسمياً : تدقير التغيرات الدورية-الباب السادس : الاختبارات اللابارامترية : اختيار العلامة أو الإشارة : اختيار العلامة في حالة العينات الكبيرة : اختيار ويلكو كسن لرتب الإشارات : تحليل التباين في حالة الرتب : ارتباط الرتب : تطبيقات لمربع كاس في المجال اللابارامتري.
653 _aالاحتمالات
653 _aالاحصاء
653 _aالاحصاء الرياضي
942 _cكتاب
999 _c46048
_d46048